000 01457nam0a2200361 i 4500
001 RU\NLR\bibl\1997140
005 20260405163020.0
010 _a9785373050579
_95000
021 _aRU
_b2013-2737
_9183
035 _a(nilc)RuMoRGB-006522443
035 _a(NLR Aleph) 001985532
090 _a4151268
_c4151268
100 _a20130201d2013 u y0rusy50 ca
101 0 _arus
102 _aRU
105 _aa |||||||||
200 1 _aМудреная мозаика
_e[для дошкольного возраста]
_fЮрий Любимов
_gхудож.: О. Васильева, Б. Пушкарев
210 _aМосква
_cОЛМА Медиа Групп
_d2013 [т.е. 2012]
215 _a94, [1] с.
_cцв. ил.
_d26
225 1 _aСказочная страна
300 _aКн. фактически изд. в 2012 г.
686 _aШ9(2)60=Р7-5
700 1 _aЛюбимов
_bЮ. Ю.
_gЮрий Юрьевич
_4070
702 1 _4440
_8rus
_7ca
_aВасильева
_bО. Р.
_cхудожник
_gОльга Ростиславовна
_3RU\NLR\AUTH\7769231
_952159
702 1 _4040
_8rus
_7ca
_aПушкарев
_bБ. С.
_cхудожник
_gБорис Семенович
_3RU\NLR\auth\7769214
_952142
801 0 _aRU
_bRuMoRKP
_c20130201
_gRCR
801 2 _aRU
_bРГБ
_c20130214
_grcr
801 1 _aRU
_bRuMoRKP
_c20130201
_2rusmarc
801 2 _aRU
_bNLR
_c20130206
_grcr
942 _cBOOK
980 _aNBR